000 00730nam a2200229Ia 4500
008 191130s1995##################000#0#eng##
020 _a9789052014135
022 _a96123722
040 _aACL
_cACL
082 _a327.174 MUL
245 _aNuclear export controls in Europe
_cHarald Müller (ed.)
260 _aBrussels
_bEuropean Interuniversity Press
_c[1995?]
300 _a275 p. : ill. ; 25 cm
500 _aIncludes bibliographical references and index
650 _aExport controls - Europe
650 _aNuclear nonproliferation
700 _aMüller, Harald
710 _aHessische Stiftung Friedens- und Konfliktforschung
990 _a063b224eac10000c33cb077d310fe0d1
991 _a137570
999 _c24105
_d24105